000 00306nam a22001337a 4500
020 _a0-440-40322-7
082 _a823
_bHIL/T
100 _aHILLER, B B
245 _aTEENAGE MUTANT NINJA TURTLES
260 _aNEW YORK
_bDELL PUBLISHING
_c1990
300 _a92
650 _aNOVEL
_zUNITED STATES
942 _cBK
999 _c3317
_d3317